[Event "Stay Safe Play From Home 173"]
[Site "T#646330Emanuel Laske"]
[Date "2020.05.25"]
[Round "5"]
[White "Trotsky"]
[Black "DoRuKMaNN"]
[Result "1-0"]
[WhiteElo "1512"]
[BlackElo "1707"]
[Annotator "NA RC"]
[PlyCount "35"]
[EventDate "2020.05.25"]
[EventType "swiss (blitz)"]

1. d4 {[%emt 0:00:01]} Nf6 {[%emt 0:00:02]} 2. e3 {[%emt 0:00:01]} e6 {[%emt 0:00:01]} 3. c4 {[%emt 0:00:01]} b6 {[%emt 0:00:00]} 4. Nc3 {[%emt 0:00:01]} Bb7 {[%emt 0:00:00]} 5. Qc2 {[%emt 0:00:01]} Bb4 {[%emt 0:00:04]} 6. Bd2 {[%emt 0:00:04]} d6 {[%emt 0:00:02]} 7. f3 {[%emt 0:00:01]} Nbd7 {[%emt 0:00:00]} 8. Bd3 {[%emt 0:00:01]} O-O {[%emt 0:00:00]} 9. h4 {[%emt 0:00:01]} Bxc3 {[%emt 0:00:05]} 10. bxc3 {[%emt 0:00:01]} c5 {[%emt 0:00:01]} 11. Nh3 {[%emt 0:00:01]} h6 {[%emt 0:00:02]} 12. Ng5 {[%emt 0:00:01]} Qc7 {[%emt 0:00:03]} 13. O-O-O {[%emt 0:00:02]} d5 {[%emt 0:00:02]} 14. e4 {[%emt 0:00:02]} dxe4 {[%emt 0:00:03]} 15. fxe4 {[%emt 0:00:01]} Rfd8 {[%emt 0:00:03]} 16. e5 {[%emt 0:00:01]} Ng4 {[%emt 0:00:02]} 17. Bh7+ {[%emt 0:00:02]} Kh8 {[%emt 0:00:02]} 18. Nxf7# {[%emt 0:00:01] (Lag: Av=1.66s, max=19.1s)} 1-0

[Event "Stay Safe Play From Home 173"]
[Site "T#646330Emanuel Laske"]
[Date "2020.05.25"]
[Round "5"]
[White "UHU4"]
[Black "Tobo Rubirosa"]
[Result "0-1"]
[WhiteElo "1475"]
[BlackElo "1530"]
[Annotator "NA RC"]
[PlyCount "44"]
[EventDate "2020.05.25"]
[EventType "swiss (blitz)"]

1. e4 {[%emt 0:00:02]} c5 {[%emt 0:00:02]} 2. d4 {[%emt 0:00:02]} cxd4 {[%emt 0:00:03]} 3. c3 {[%emt 0:00:01]} dxc3 {[%emt 0:00:02]} 4. Bc4 {[%emt 0:00:02]} Nc6 {[%emt 0:00:01]} 5. Nxc3 {[%emt 0:00:01]} Nf6 {[%emt 0:00:01]} 6. Nf3 {[%emt 0:00:02]} e6 {[%emt 0:00:01]} 7. O-O {[%emt 0:00:01]} Qc7 {[%emt 0:00:01]} 8. Bg5 {[%emt 0:00:02]} Be7 {[%emt 0:00:03]} 9. Bd3 {[%emt 0:00:01]} Ne5 {[%emt 0:00:02]} 10. Nxe5 {[%emt 0:00:06]} Qxe5 {[%emt 0:00:01]} 11. f4 {[%emt 0:00:01]} Qd4+ {[%emt 0:00:02]} 12. Kh1 {[%emt 0:00:02]} O-O {[%emt 0:00:01]} 13. Rc1 {[%emt 0:00:04]} Qb4 {[%emt 0:00:02]} 14. f5 {[%emt 0:00:06]} e5 {[%emt 0:00:02]} 15. Rc2 {[%emt 0:00:02]} h6 {[%emt 0:00:02]} 16. a3 {[%emt 0:00:01]} Qb3 {[%emt 0:00:02]} 17. Bd2 {[%emt 0:00:02]} d5 {[%emt 0:00:02]} 18. exd5 {[%emt 0:00:02]} e4 {[%emt 0:00:03]} 19. Bxe4 {[%emt 0:00:07]} Nxe4 {[%emt 0:00:01]} 20. Nxe4 {[%emt 0:00:01]} Bxf5 {[%emt 0:00:04]} 21. Rc3 {[%emt 0:00:08]} Qxd1 {[%emt 0:00:03]} 22. Rxd1 {[%emt 0:00:04]} Bxe4 {[%emt 0:00:02] Tiempo (Lag: Av=1.29s, max=5.7s)} 0-1

[Event "Stay Safe Play From Home 173"]
[Site "T#646330Emanuel Laske"]
[Date "2020.05.25"]
[Round "6"]
[White "Mepe_Nika"]
[Black "Lamborghini"]
[Result "1-0"]
[WhiteElo "2250"]
[BlackElo "2192"]
[Annotator "TA"]
[PlyCount "79"]
[EventDate "2020.05.25"]
[EventType "swiss (blitz)"]

{[%evp 9,79,37,47,32,77,47,79,10,101,52,129,34,116,81,158,131,276,226,235,73,72,67,68,28,28,-31,-40,-133,-131,-130,-114,-120,175,168,181,115,783,758,1339,14,14,14,15,21,19,20,28,-513,-508,-487,-494,-495,469,12,1412,1300,29978,29979,29980,29980,29982,29983,29987,29988,29991,29991,29992,29991,29994,29995,29998,29997]} 1. d4 Nf6 2. Bf4 g6 3. Nc3 Bg7 4. e4 d6 5. Qd2 c6 6. O-O-O {B07: Pirc Defence: Miscellaneous Systems.} h6 7. f3 Nbd7 {[#]} 8. g4 $146 ({White should play} 8. Nge2 $16) ({Predecessor:} 8. Kb1 Qc7 9. g4 e5 10. Be3 Nb6 11. h4 Be6 12. b3 exd4 13. Bxd4 O-O-O 14. Nh3 {0-1 (56) Vishnu,P (2524)-Gomes,M (2304) Pune 2016}) 8... Qa5 (8... b5 $11 {keeps the balance.}) 9. h4 e5 (9... b5 $14) 10. Be3 (10. dxe5 $16 dxe5 11. Be3) 10... b5 (10... exd4 $1 $14 11. Bxd4 (11. Qxd4 Nh5 $11) 11... Ne5) 11. Kb1 {And now Nxb5 would win.} a6 (11... b4 $142) 12. Nh3 Bb7 (12... exd4 $16 13. Qxd4 (13. Bxd4 b4 $16) 13... b4) 13. g5 hxg5 14. hxg5 $2 (14. dxe5 $18 Nh7 15. e6 (15. exd6 gxh4 16. Nf2 Nhf6 $18) (15. Nxg5 Nxe5 16. Qxd6 Rd8 $16)) 14... Nh5 $16 15. Nf2 O-O-O 16. dxe5 Nxe5 {Hoping for ...b4.} 17. Be2 ({Of course not} 17. Bh3+ Kb8 $17) (17. f4 $1 $11 Nc4 18. Bxc4 Bxc3 19. Qxc3 Qxc3 20. bxc3 bxc4 21. Bb6) 17... b4 $15 18. Bd4 (18. Na4 $1 $15 Qxa4 19. f4) 18... bxc3 $17 19. Bxc3 {[#]} Qb6 $1 {[%cal Rb6f2]} 20. f4 Ng3 $2 {[%mdl 8192]} ({Don't play} 20... Qxf2 $6 21. fxe5 Qg3 22. Rhg1 $11) (20... Nf3 $17 21. Bxf3 Bxc3 22. Qxc3 Qxf2) 21. Rxh8 $18 Bxh8 {[#]} 22. fxe5 (22. Ba5 $1 $18 {[%cal Ra5b6]} Qxf2 23. Bxd8) 22... dxe5 $2 {[%mdl 8192]} (22... Nxe2 $16 23. Qxe2 Bxe5 24. Bxe5 dxe5) 23. Bg4+ f5 24. Qxd8+ $2 ({White has to play} 24. gxf6+ $18 Nf5 25. Qg5 {[%mdl 64] Double Attack, Pin} Rxd1+ 26. Nxd1 Bxf6 27. Qxf6 {[%mdl 64] Pin}) 24... Qxd8 $11 25. Rxd8+ Kxd8 26. exf5 gxf5 27. Bf3 e4 {...Bxc3 is the strong threat.} 28. Bd1 $2 {[%mdl 8192]} (28. Bxh8 $11 {and White has nothing to worry.} exf3 29. Kc1) 28... Bxc3 $19 29. bxc3 {[%mdl 4096] Endgame KBN-KBN} e3 30. g6 {Black must now prevent g7.} e2 $4 {[%mdl 8192]} ({Weaker is} 30... exf2 31. g7 $11) (30... Ke7 $19 {avoids the disaster.} 31. Nd3 e2) 31. Bxe2 $2 ({White must play} 31. g7 $18 e1=Q 32. g8=Q+ {[%mdl 64] Double Attack} Kc7 33. Qxg3+ Kb6 34. Qf3) 31... Nxe2 $4 {[%mdl 8192]} (31... Ke7 $11 32. Bf3 Kf6) 32. g7 $18 c5 33. g8=Q+ {White mates.} Kc7 34. Qf7+ {[%mdl 64] Double Attack} Kb6 35. Qe6+ {[%mdl 64] Double Attack} Ka7 36. Qxe2 Bc6 37. Nd3 Kb6 {[#]} 38. Qe3 $1 Bb5 39. Qxc5+ Ka5 40. c4 {[%mdl 64] Pin. Accuracy: White = 25%, Black = 21%.} 1-0

[Event "Stay Safe Play From Home 173"]
[Site "T#646330Emanuel Laske"]
[Date "2020.05.25"]
[Round "6"]
[White "Rogan"]
[Black "matanant"]
[Result "1-0"]
[WhiteElo "2250"]
[BlackElo "1639"]
[Annotator "TA"]
[PlyCount "87"]
[EventDate "2020.05.25"]
[EventType "swiss (blitz)"]

{[%evp 9,87,30,34,12,11,0,22,16,8,14,49,42,60,68,121,120,98,80,139,108,88,106,99,39,39,39,43,39,52,39,97,83,83,99,77,72,71,85,112,119,428,425,455,449,505,505,488,487,532,531,537,537,525,533,522,529,530,529,537,516,516,463,449,441,671,656,1535,1486,1371,710,29980,1654,29985,29986,29986,29987,29987,29984,29984,29985]} 1. d4 e6 2. c3 f5 3. Nf3 Nf6 4. Bg5 d5 5. e3 Be7 6. Nbd2 {A80: Dutch Defence: Unusual White second moves.} O-O 7. Bd3 {[#]} h6 $146 ({Predecessor:} 7... Nbd7 8. h4 Ng4 9. Bf4 Bd6 10. Ng5 Qe7 11. Nxh7 Nxf2 12. Kxf2 Kxh7 13. Nf3 Nf6 {1-0 (29) Reichmann,H (2354)-Jaster,R (2273) Germany 2017}) 8. Bxf6 {The position is equal.} Bxf6 9. O-O Bd7 10. c4 c5 11. cxd5 {Strongly threatening Bc4.} exd5 (11... cxd4 $14 12. Nxd4 Bxd4) 12. dxc5 $16 Nc6 13. Rb1 d4 ({Black should try} 13... a5) 14. Nxd4 Nxd4 15. exd4 Bxd4 16. Nf3 (16. b4 $16) 16... Bxc5 $14 17. Qb3+ Kh8 18. Qxb7 Rb8 19. Qd5 $36 {[%mdl 2048] White is pushing.} Qe7 ({Black should play} 19... Bb6 $14) 20. Rfe1 Qd6 21. Qxd6 Bxd6 22. b3 Bb4 23. Red1 Bc6 24. Nh4 {[#] Ng6+ is the strong threat.} Be4 $2 {[%mdl 8192] Black cannot hold the game after this.} (24... Rf6 $16 {is tougher.}) 25. Ng6+ $18 Kg8 26. Nxf8 Kxf8 27. Bxe4 fxe4 {[%mdl 4096] Endgame KRR-KRB} 28. Rd4 e3 29. fxe3 Bc5 30. Rf1+ Kg8 31. Re4 Rb7 32. g3 Bb6 33. Kg2 Rd7 34. Re8+ Kh7 35. e4 Rd2+ 36. Kh3 Rd7 (36... Rxa2 $142 37. Re7 Bd4) 37. e5 g5 38. e6 Rg7 39. Rf7 {White wants to mate with Rc8.} h5 40. Ree7 (40. Rc8 $142 g4+ 41. Kh4 Bd4 42. Kxh5 Rxf7 43. exf7 Bg7 44. f8=Q Bxf8 45. Rxf8) 40... Bd4 41. Rxg7+ {White mates.} Bxg7 42. Rxa7 Kg6 {[#]} 43. Rxg7+ $1 Kxg7 44. g4 {Accuracy: White = 81%, Black = 42%.} 1-0

[Event "Stay Safe Play From Home 173"]
[Site "T#646330Emanuel Laske"]
[Date "2020.05.25"]
[Round "6"]
[White "Lazieri3"]
[Black "The Next Contender"]
[Result "1-0"]
[WhiteElo "2095"]
[BlackElo "1937"]
[Annotator "TA"]
[PlyCount "95"]
[EventDate "2020.05.25"]
[EventType "swiss (blitz)"]

{[%evp 9,95,9,36,18,20,-6,8,9,75,0,5,-8,-8,-26,-21,-35,-30,-22,-21,-38,-35,-39,-15,-19,0,-22,-25,-22,0,0,0,-23,12,-39,0,-27,0,0,11,0,0,0,0,0,9,4,185,163,176,171,215,115,122,131,124,17,17,16,17,13,11,10,9,0,22,21,30,37,95,94,1206,1239,1227,1200,1116,1054,992,674,5085,5081,29972,29973,29971,29975,29974,29974,29974,29975]} 1. e4 d5 2. Nc3 dxe4 3. Nxe4 Bf5 4. Ng3 Bg6 5. Nf3 e6 6. d4 {A00: Irregular Openings.} Nf6 7. Bd3 (7. Bc4 {looks sharper.} Nbd7 8. O-O Bd6 9. Qe2 O-O 10. Rd1) 7... Bxd3 8. Qxd3 {The position is equal.} Be7 {[#]} (8... c5 $11 {remains equal.}) 9. c3 $146 (9. Qb5+ $1 $16 Nbd7 10. Qxb7) ({Predecessor:} 9. Qb5+ c6 10. Qxb7 Nbd7 11. Qxc6 Rc8 12. Qa4 a5 13. Bd2 Qb6 14. Qb3 Qc7 15. Rc1 {1-0 (56) Friedrich,W-Bauer,M Erlangen 1994}) 9... O-O 10. Bf4 c5 11. O-O (11. Ne2 {keeps more tension.} Qd5 12. O-O Nc6 13. Rfd1 Rfd8 14. Qc2) 11... cxd4 12. Qxd4 Qxd4 13. Nxd4 Rd8 14. Rfd1 Na6 15. h3 Rac8 16. Nb5 Ra8 17. Nc7 Nxc7 18. Bxc7 Rdc8 19. Be5 Nd5 20. Ne4 Rd8 21. Rd2 (21. c4 $11 Nf6 22. Nxf6+ gxf6 23. Bc3) 21... Rd7 22. Rad1 {[#] And now c4 would win.} Rad8 23. c4 Nb6 24. Rxd7 Rxd7 25. Rxd7 Nxd7 26. Bd6 (26. Bc7 {with more complications.} f5 27. Nd6 Nc5 28. Nc8 Kf7 29. b3) 26... Bxd6 27. Nxd6 $11 {[%mdl 4096] Endgame KN-KN} Nb6 $2 (27... b6 $11 {and Black has nothing to worry.}) 28. c5 Na4 29. b4 a5 30. Nxb7 (30. a3 $18) 30... axb4 $16 31. c6 {Threatens to win with c7.} Nb6 32. c7 ({White should try} 32. Nd6 $16) 32... Nc8 $1 $11 33. Nc5 Kf8 34. Nd3 Ke7 35. Nxb4 Kd6 36. Na6 Na7 37. Kf1 Kd7 38. Ke2 Nb5 (38... Kc6 $14) 39. Kd3 $16 Nxc7 $2 {[%mdl 8192]} (39... Na7 $16) 40. Nxc7 $18 Kxc7 $16 {KP-KP} 41. Kd4 Kd6 42. a4 f6 43. Ke4 g6 44. f4 f5+ 45. Kd4 {White mates.} Kd7 46. Ke5 Ke7 47. h4 h6 48. a5 {Accuracy: White = 76%, Black = 63%.} 1-0

[Event "Stay Safe Play From Home 173"]
[Site "T#646330Emanuel Laske"]
[Date "2020.05.25"]
[Round "6"]
[White "Weltszmerc"]
[Black "SoulofWolf"]
[Result "1-0"]
[WhiteElo "2011"]
[BlackElo "2254"]
[Annotator "TA"]
[PlyCount "111"]
[EventDate "2020.05.25"]
[EventType "swiss (blitz)"]

{[%evp 9,111,12,25,26,83,47,139,75,120,112,124,115,122,119,122,135,134,131,131,137,253,89,126,130,127,119,166,140,154,138,130,124,383,378,352,61,123,59,208,192,243,237,267,262,433,440,479,314,406,402,477,418,398,374,372,346,811,316,2207,2196,5631,5365,5289,5223,29982,29983,29983,29984,29984,29985,29986,29986,29987,29985,29986,29987,29990,29988,29991,29989,29991,29990,29991,29990,29990,29990,29990,29991,29991,29991,29991,29992,29992,29992,29997,29992,29992,29992,29997,29997,29997,29998,29998,29999]} 1. d4 e6 2. c4 d5 3. Nf3 Be7 4. g3 c6 5. Bg2 Nd7 6. O-O {[#] D30: Queen's Gambit Declined: Systems without Nc3.} f6 $146 (6... Ngf6 $11) ({Predecessor:} 6... Ngf6 7. Nc3 O-O 8. Nd2 Qb6 9. e3 Rd8 10. Qc2 e5 11. cxd5 cxd5 12. Nxd5 Nxd5 13. Bxd5 exd4 14. exd4 Qxd4 15. Bg2 Ne5 16. Nb3 {1-0 (77) Leon Valdes,J (2374)-Suarez Figueras,A (2210) Matanzas 2017}) 7. Nbd2 g5 (7... f5 $14) 8. Qc2 ({White should play} 8. e4) 8... Nh6 9. e4 Nf7 10. cxd5 cxd5 11. exd5 exd5 12. Qb3 Nb6 13. a4 a5 14. Re1 O-O {[#]} (14... Kf8 $16 {was worth a try.}) 15. Nf1 $2 (15. Rxe7 $1 $18 {[%mdl 512] is the precise move to win. Strongly threatening Re1.} Qxe7 16. Qxb6) 15... Bb4 16. Bd2 Bxd2 17. N3xd2 Bg4 18. Ne3 {[%cal Bf1e3,Be3c2,Bc2a3,Ba3b5][%mdl 32]} Be6 19. Nc2 Qd6 20. Na3 Rac8 $2 {[%mdl 8192]} (20... Rfe8 $16 {keeps fighting.}) 21. Nb5 $18 Qd7 22. Nf1 $2 ({White must play} 22. Na7 $18) 22... Nc4 (22... Rc6 $14) 23. Ne3 (23. Nc3 $16) 23... Nfd6 (23... g4 $1 $14) 24. Nxd5 {aiming for Nb6!} ({Don't play} 24. Bxd5 $6 Bxd5 25. Nxd5 Nxb5 $16) 24... Nxb5 (24... Kg7 {is a better defense.} 25. Nbc7 Bxd5) 25. Qxb5 Qxb5 26. axb5 Bxd5 $2 (26... Kf7 {might work better.} 27. b6 Bxd5) 27. Bxd5+ Kg7 28. Bxb7 Rb8 29. Bc6 Nxb2 30. Re7+ Rf7 31. Rxf7+ Kxf7 32. Rxa5 {[%mdl 4096] Endgame KRB-KRN} Nc4 $2 (32... Ke6 33. Ra6 Nc4) 33. Ra7+ $2 (33. Bd5+ Ke8 34. Bxc4) 33... Kg8 $2 (33... Ke6 34. Ra6 Kd6) 34. Bd5+ {[%mdl 64] [#] Double Attack} Kf8 35. Bxc4 {KRB-KR} Rc8 36. Bd5 Rd8 37. Ra8 {White mates.} Rxa8 38. Bxa8 {KB-K3P} Ke7 39. Bc6 Kd6 40. d5 Kc7 41. Kg2 Kd6 42. Kf3 h6 43. Ke4 Kc7 44. Kf5 Kd6 45. Kxf6 {KB-KPP} h5 46. Kg6 h4 47. Kxg5 hxg3 48. hxg3 Kc5 49. f4 Kd6 50. f5 Ke7 51. Kg6 Kf8 52. g4 Ke7 53. g5 Kf8 54. f6 Kg8 55. d6 Kf8 56. d7 {Accuracy: White = 49%, Black = 19%.} 1-0

[Event "Stay Safe Play From Home 173"]
[Site "T#646330Emanuel Laske"]
[Date "2020.05.25"]
[Round "6"]
[White "Haxhi Baha"]
[Black "Archi-ak"]
[Result "1-0"]
[WhiteElo "1983"]
[BlackElo "2050"]
[Annotator "TA"]
[PlyCount "95"]
[EventDate "2020.05.25"]
[EventType "swiss (blitz)"]

{[%evp 10,94,68,51,91,87,103,77,182,160,162,150,157,125,188,-55,184,178,166,160,250,243,234,236,281,255,695,686,1017,796,1275,745,697,616,759,591,616,610,628,626,651,644,662,661,723,717,691,701,783,760,753,752,800,800,797,740,838,838,838,851,832,823,861,823,6062,5778,29980,29978,29975,29974,29992,29993,29993,29994,29994,29994,29995,29995,29995,29996,29997,29998,29998,29999,29999,29999,29999]} 1. e4 c6 2. Nf3 d5 3. Nc3 dxe4 4. Nxe4 Nd7 5. Bc4 e6 6. Qe2 Nb6 {[#] B11: Caro-Kann: Two Knights Variation.} 7. Bb3 $1 Nf6 8. d4 {[#]} Ke7 $146 (8... Nxe4 $16 {keeps fighting.} 9. Qxe4 a5) ({Predecessor:} 8... h6 9. Bd2 a5 10. a4 Nbd5 11. O-O Nxe4 12. Qxe4 Nf6 13. Qe2 Bd6 14. Rad1 Qc7 {1-0 (81) Kralj,N (1622)-Orel Music,S (1899) Murska Sobota 2018}) 9. Bg5 Ke8 10. O-O-O Be7 11. Ne5 Qc7 (11... h6 $16) 12. Nxf6+ $2 ({White should try} 12. Bf4 $18 {Strongly threatening Ng6!} Nxe4 13. Qxe4) 12... Bxf6 $2 {This move loses the game for Black.} (12... gxf6 $15 {keeps the upper hand.} 13. Nxf7 Rf8) 13. Bxf6 $18 gxf6 14. Ng4 Ke7 {[#]} (14... Qf4+ $16 {was called for.} 15. Ne3 Kf8) 15. Qf3 $1 {[%cal Rf3f6]} f5 16. Ne5 Nd5 17. Qg3 {And now Bxd5 would win.} ({Don't do} 17. Qh5 $6 Ke8 $18) ({Don't play} 17. Bxd5 $6 cxd5 18. Qg3 Ke8 $16) 17... Bd7 $2 (17... Ke8 18. c4 Nb6) 18. Bxd5 Rhg8 19. Qh4+ f6 20. Nxd7 Qxd7 21. Bf3 Rad8 22. Qxh7+ Kd6 23. Qxd7+ Kxd7 24. h4 Kc7 25. h5 Rg5 26. h6 Rgg8 27. h7 Rh8 28. Rh6 Rdf8 29. c3 Rf7 30. Rdh1 Kd7 31. Kd2 Ke7 32. g3 Rg7 33. Ke3 Kf7 34. Kf4 Rg5 35. Bh5+ Kg7 {[#]} 36. Be8 $1 Kf8 (36... Rxe8 37. h8=Q+) 37. Rxf6+ {[%mdl 64] Double Attack} Kxe8 38. Kxg5 {White mates.} Ke7 39. Rg6 e5 40. Rg8 f4 41. Rxh8 fxg3 42. fxg3 exd4 43. Rg8 Kd6 44. h8=Q Kd5 45. Qxd4+ {[%mdl 64] Double Attack} Ke6 46. Rh6+ Kf7 47. Rg7+ Kf8 48. Rh8# {Accuracy: White = 56%, Black = 15%.} 1-0

[Event "Stay Safe Play From Home 173"]
[Site "T#646330Emanuel Laske"]
[Date "2020.05.25"]
[Round "6"]
[White "Don59as"]
[Black "Tunca"]
[Result "1-0"]
[WhiteElo "1976"]
[BlackElo "1854"]
[Annotator "NA"]
[PlyCount "89"]
[EventDate "2020.05.25"]
[EventType "swiss (blitz)"]

1. c4 {[%emt 0:00:03]} d6 {[%emt 0:00:01]} 2. Nc3 {[%emt 0:00:00]} e5 {[%emt 0:00:00]} 3. g3 {[%emt 0:00:00]} f5 {[%emt 0:00:00]} 4. Bg2 {[%emt 0:00:00]} Nf6 {[%emt 0:00:01]} 5. e3 {[%emt 0:00:00]} Be7 {[%emt 0:00:01]} 6. Nge2 {[%emt 0:00:00]} O-O {[%emt 0:00:00]} 7. O-O {[%emt 0:00:00]} Kh8 {[%emt 0:00:01]} 8. b3 {[%emt 0:00:00]} Nbd7 {[%emt 0:00:01]} 9. Bb2 {[%emt 0:00:00]} Qe8 {[%emt 0:00:01]} 10. d4 {[%emt 0:00:00]} Qh5 {[%emt 0:00:01]} 11. Nd5 {[%emt 0:00:02]} Nxd5 {[%emt 0:00:03]} 12. cxd5 {[%emt 0:00:01]} e4 {[%emt 0:00:03]} 13. Nf4 {[%emt 0:00:02]} Qxd1 {[%emt 0:00:04]} 14. Rfxd1 {[%emt 0:00:00]} Nf6 {[%emt 0:00:03]} 15. Ne6 {[%emt 0:00:01]} Bxe6 {[%emt 0:00:01]} 16. dxe6 {[%emt 0:00:00]} d5 {[%emt 0:00:02]} 17. Rac1 {[%emt 0:00:02]} c6 {[%emt 0:00:01]} 18. Bh3 {[%emt 0:00:02]} g6 {[%emt 0:00:02]} 19. Bg2 {[%emt 0:00:01]} Rae8 {[%emt 0:00:00]} 20. f3 {[%emt 0:00:03]} Bd6 {[%emt 0:00:01]} 21. fxe4 {[%emt 0:00:01]} fxe4 {[%emt 0:00:00]} 22. Rf1 {[%emt 0:00:02]} Rxe6 {[%emt 0:00:03]} 23. a3 {[%emt 0:00:00]} Ree8 {[%emt 0:00:01]} 24. b4 {[%emt 0:00:01]} Ng4 {[%emt 0:00:01]} 25. Rce1 {[%emt 0:00:02]} Kg7 {[%emt 0:00:04]} 26. Bc1 {[%emt 0:00:02]} Bc7 {[%emt 0:00:03]} 27. h3 {[%emt 0:00:01]} Rxf1+ {[%emt 0:00:03]} 28. Rxf1 {[%emt 0:00:02]} Nh6 {[%emt 0:00:02]} 29. Bd2 {[%emt 0:00:01]} Rf8 {[%emt 0:00:01]} 30. g4 {[%emt 0:00:01]} Rxf1+ {[%emt 0:00:01]} 31. Kxf1 {[%emt 0:00:00]} Nf7 {[%emt 0:00:01]} 32. Be1 {[%emt 0:00:01]} Ng5 {[%emt 0:00:01]} 33. Ke2 {[%emt 0:00:01]} Ne6 {[%emt 0:00:02]} 34. Bh4 {[%emt 0:00:01]} Nf8 {[%emt 0:00:01]} 35. Be7 {[%emt 0:00:01]} Ne6 {[%emt 0:00:01]} 36. Bh4 {[%emt 0:00:02]} Nf8 {[%emt 0:00:01]} 37. a4 {[%emt 0:00:02]} Kf7 {[%emt 0:00:00]} 38. Kf1 {[%emt 0:00:02]} Ne6 {[%emt 0:00:00]} 39. Kf2 {[%emt 0:00:01]} Nd8 {[%emt 0:00:00]} 40. Bf1 {[%emt 0:00:01]} Ne6 {[%emt 0:00:00]} 41. b5 {[%emt 0:00:00]} Ng7 {[%emt 0:00:01]} 42. bxc6 {[%emt 0:00:01]} h6 {[%emt 0:00:00]} 43. cxb7 {[%emt 0:00:02]} g5 {[%emt 0:00:00]} 44. Bg3 {[%emt 0:00:00]} Bxg3+ {[%emt 0:00:01]} 45. Kxg3 {[%emt 0:00:00] Tunca resigns (Lag: Av=0.47s, max=0.9s)} 1-0

[Event "Stay Safe Play From Home 173"]
[Site "T#646330Emanuel Laske"]
[Date "2020.05.25"]
[Round "6"]
[White "Lucknow"]
[Black "SecantFX"]
[Result "0-1"]
[WhiteElo "1913"]
[BlackElo "1872"]
[Annotator "TA"]
[PlyCount "34"]
[EventDate "2020.05.25"]
[EventType "swiss (blitz)"]

{[%evp 9,34,23,37,34,40,40,51,50,55,0,51,47,114,66,97,66,58,49,52,55,162,29,49,35,20,36,38]} 1. d4 b6 2. c4 Bb7 3. Nf3 c6 4. g3 e6 5. Bg2 {[#]} Nf6 $146 ({Predecessor:} 5... d5 6. cxd5 cxd5 7. O-O Nf6 8. Bg5 Be7 9. Nc3 Nbd7 10. Rc1 a6 11. Qd3 O-O {0-1 (28) Purkyt,J (1736)-Smid,P (1546) Teplice 2015}) 6. Nc3 {E16: Queen's Indian: 4 g3 Bb7 5 Bg2 Bb4+.} Be7 7. e4 O-O 8. O-O d5 9. e5 (9. Ne5 $14) 9... Ne8 (9... Ne4 $11) 10. b3 $14 f6 ({Better is} 10... c5 $14) 11. Bf4 fxe5 12. Bxe5 Nd7 13. Qe2 Nxe5 14. Nxe5 Bf6 (14... Nc7 $14) 15. Nd1 ({White must play} 15. Nxc6 $1 $18 Bxc6 16. Qxe6+ {[%mdl 64] Double Attack} Kh8 17. Qxc6) 15... Nd6 16. cxd5 cxd5 17. Ne3 a5 {[%mdl 32768] Accuracy: White = 54%, Black = 59%. . Loss on time!?} 0-1